Music Quiz

Random Music or Billboard Quiz

Artists with the Top 10 Hits of '73 (Clips, 4 Lists) Quiz Stats

Quiz not verified by Sporcle

Score 0/16 Timer 06:00
0 Plays Today
Time Artist % Correct
1:10Elton John
92%
0:30Marvin Gaye
91.4%
0:20Carly Simon
85.1%
0:10Roberta Flack
76.4%
0:40Jim Croce
75.9%
1:20Gladys Knight & The Pips
75.9%
2:10Carpenters
75.9%
1:40Cher
74.7%
Time Artist % Correct
0:00Dawn featuring Tony Orlando
70.1%
2:30Diana Ross
58.6%
0:50Paul McCartney & Wings
56.9%
2:00Charlie Rich
44.8%
1:50Billy Preston
36.8%
2:20Stories
26.4%
1:00Eddie Kendricks
18.4%
1:30Kris Kristofferson
16.1%

You're not logged in!

Compare scores with friends on all Sporcle quizzes.
Join for Free
OR
Log In

You Might Also Like...

Show Comments

Extras

Top Quizzes Today


Score Distribution

Your Account Isn't Verified!

In order to create a playlist on Sporcle, you need to verify the email address you used during registration. Go to your Sporcle Settings to finish the process.

Report this User

Report this user for behavior that violates our Community Guidelines.

Details: